00319 2200145 4500245004000000250001100040100001500051650001600066650001700082005001900099260001800118041001400136084001400150336000900164 aDi Balik Nama InicAkila HanahText aCet. 1 aAkila Hana aKarya Siswa aAutobiografi a20250521080411 aJakartac2025 aIndonesia a081 AKI d atext